Tập bài hát 1
সংরক্ষণ করুন:
| প্রধান লেখক: | |
|---|---|
| অন্যান্য লেখক: | |
| বিন্যাস: | গ্রন্থ |
| ভাষা: | Undetermined |
| প্রকাশিত: |
H.
Giáo dục
2002
|
| বিষয়গুলি: | |
| অনলাইন ব্যবহার করুন: | http://lrc.tdmu.edu.vn/opac/search/detail.asp?aID=2&ID=4249 |
| ট্যাগগুলো: |
ট্যাগ যুক্ত করুন
কোনো ট্যাগ নেই, প্রথমজন হিসাবে ট্যাগ করুন!
|
| Thư viện lưu trữ: | Trung tâm Học liệu Trường Đại học Thủ Dầu Một |
|---|
| LEADER | 00588nam a2200205Ia 4500 | ||
|---|---|---|---|
| 001 | TDMU_4249 | ||
| 008 | 210410s9999 xx 000 0 und d | ||
| 082 | |a 780.71 | ||
| 090 | |b H407 | ||
| 100 | |a Hoàng, Long | ||
| 245 | 0 | |a Tập bài hát 1 | |
| 245 | 0 | |c Hoàng Long | |
| 260 | |a H. | ||
| 260 | |b Giáo dục | ||
| 260 | |c 2002 | ||
| 300 | |a 32tr | ||
| 650 | |a Sách lớp 1; Sách lớp 1 | ||
| 700 | |a Hàn, Ngọc Bích | ||
| 856 | |u http://lrc.tdmu.edu.vn/opac/search/detail.asp?aID=2&ID=4249 | ||
| 980 | |a Trung tâm Học liệu Trường Đại học Thủ Dầu Một | ||